[Event "5th European Small Nations"]
[Site "Andorra la Vella"]
[Date "2017.11.15"]
[Round "6.6"]
[White "Constantinou, Pavlos"]
[Black "Jouault, Louis"]
[Result "1-0"]
[BlackElo "1860"]
[WhiteElo "2057"]
[LiveChessVersion "1.4.8"]

1. d4 {[%clk 1:30:41]} Nf6 {[%clk 1:30:45]} 2. Nf3 {[%clk 1:30:58]} e6
{[%clk 1:31:02]} 3. g3 {[%clk 1:31:09]} d5 {[%clk 1:29:34]} 4. Bg2
{[%clk 1:31:21]} Bb4+ {[%clk 1:24:55]} 5. c3 {[%clk 1:30:42]} Bd6
{[%clk 1:24:54]} 6. O-O {[%clk 1:30:21]} c5 {[%clk 1:21:02]} 7. c4
{[%clk 1:22:13]} O-O {[%clk 1:19:23]} 8. cxd5 {[%clk 1:22:03]} Nxd5
{[%clk 1:14:20]} 9. e4 {[%clk 1:18:57]} Nb4 {[%clk 1:13:40]} 10. a3
{[%clk 1:18:21]} N4c6 {[%clk 1:13:14]} 11. dxc5 {[%clk 1:13:37]} Bxc5
{[%clk 1:13:20]} 12. Qc2 {[%clk 1:13:54]} Qb6 {[%clk 1:07:14]} 13. b4
{[%clk 0:57:30]} Nd4 {[%clk 1:03:34]} 14. Qxc5 {[%clk 0:57:43]} Qxc5
{[%clk 1:01:49]} 15. bxc5 {[%clk 0:58:10]} Nb3 {[%clk 1:01:49]} 16. Ra2
{[%clk 0:57:29]} Nxc5 {[%clk 1:02:07]} 17. Nc3 {[%clk 0:56:20]} Nc6
{[%clk 1:01:02]} 18. Be3 {[%clk 0:56:14]} Nd3 {[%clk 0:58:45]} 19. Rd1
{[%clk 0:55:55]} Nde5 {[%clk 0:57:02]} 20. Nxe5 {[%clk 0:55:25]} Nxe5
{[%clk 0:57:29]} 21. Bc5 {[%clk 0:52:47]} Re8 {[%clk 0:55:48]} 22. Nb5
{[%clk 0:46:45]} Bd7 {[%clk 0:55:30]} 23. Nc7 {[%clk 0:46:28]} Ba4
{[%clk 0:54:40]} 24. Rd4 {[%clk 0:44:06]} Rac8 {[%clk 0:52:46]} 25. Nxe8
{[%clk 0:43:11]} Bxe8 {[%clk 0:52:58]} 26. f4 {[%clk 0:39:20]} Ng4
{[%clk 0:52:05]} 27. h3 {[%clk 0:38:47]} Ne3 {[%clk 0:49:57]} 28. Bxa7
{[%clk 0:38:46]} Rc1+ {[%clk 0:49:39]} 29. Kh2 {[%clk 0:36:45]} f5
{[%clk 0:47:18]} 30. Rd8 {[%clk 0:37:00]} Nxg2 {[%clk 0:47:36]} 31. Rxe8+
{[%clk 0:33:54]} Kf7 {[%clk 0:48:05]} 32. Rb8 {[%clk 0:31:42]} Ne1
{[%clk 0:47:35]} 33. Rxb7+ {[%clk 0:31:51]} Kg6 {[%clk 0:47:51]} 34. exf5+
{[%clk 0:30:08]} Kxf5 {[%clk 0:47:09]} 35. Rb5+ {[%clk 0:29:51]} Ke4
{[%clk 0:46:57]} 36. Re5+ {[%clk 0:28:43]} Kd3 {[%clk 0:46:23]} 37. Re3+
{[%clk 0:28:22]} Kc4 {[%clk 0:46:32]} 38. Rae2 {[%clk 0:26:22]} Nc2
{[%clk 0:46:08]} 39. Rxe6 {[%clk 0:26:34]} Kd3 {[%clk 0:46:13]} 40. R2e5
{[%clk 0:50:45]} g6 {[%clk 1:14:28]} 41. Rd6+ {[%clk 0:50:35]} Kc4
{[%clk 1:14:35]} 42. Rc5+ {[%clk 0:50:44]} Kb3 {[%clk 1:14:41]} 43. Rdc6
{[%clk 0:50:31]} 1-0

[Event "5th European Small Nations"]
[Site "Andorra la Vella"]
[Date "2017.11.15"]
[Round "6.7"]
[White "Wojciechowski, Paul"]
[Black "Michaelides, Konstantinos"]
[Result "0-1"]
[BlackElo "2041"]
[WhiteElo "1912"]
[LiveChessVersion "1.4.8"]

1. e4 {[%clk 1:30:56]} e6 {[%clk 1:30:50]} 2. d4 {[%clk 1:31:03]} d5
{[%clk 1:31:10]} 3. Nd2 {[%clk 1:31:21]} Nf6 {[%clk 1:31:33]} 4. e5
{[%clk 1:31:43]} Nfd7 {[%clk 1:31:59]} 5. Bd3 {[%clk 1:32:00]} c5
{[%clk 1:32:25]} 6. c3 {[%clk 1:32:15]} Nc6 {[%clk 1:32:47]} 7. Ne2
{[%clk 1:31:50]} cxd4 {[%clk 1:33:12]} 8. cxd4 {[%clk 1:32:10]} f6
{[%clk 1:33:37]} 9. exf6 {[%clk 1:30:24]} Nxf6 {[%clk 1:33:42]} 10. Nf3
{[%clk 1:29:14]} Bd6 {[%clk 1:34:05]} 11. O-O {[%clk 1:26:39]} Qc7
{[%clk 1:34:31]} 12. Bg5 {[%clk 1:21:00]} O-O {[%clk 1:34:55]} 13. Rc1
{[%clk 1:18:49]} Ng4 {[%clk 1:28:40]} 14. h3 {[%clk 0:56:00]} Rxf3
{[%clk 1:19:18]} 15. hxg4 {[%clk 0:55:17]} Rf8 {[%clk 1:13:15]} 16. Bb1
{[%clk 0:35:39]} Qf7 {[%clk 1:07:04]} 17. Qd3 {[%clk 0:29:02]} g6
{[%clk 1:07:04]} 18. Bh6 {[%clk 0:23:41]} Re8 {[%clk 0:56:59]} 19. f4
{[%clk 0:23:16]} Bf8 {[%clk 0:52:22]} 20. Bxf8 {[%clk 0:23:08]} Qxf8
{[%clk 0:50:32]} 21. Rf3 {[%clk 0:22:23]} Qg7 {[%clk 0:45:21]} 22. Kf2
{[%clk 0:19:57]} e5 {[%clk 0:39:09]} 23. dxe5 {[%clk 0:20:06]} Bxg4
{[%clk 0:39:19]} 24. Qxd5+ {[%clk 0:19:19]} Kh8 {[%clk 0:38:53]} 25. Re3
{[%clk 0:15:02]} Rad8 {[%clk 0:34:11]} 26. Qc4 {[%clk 0:12:32]} Qf8
{[%clk 0:16:13]} 27. Kg3 {[%clk 0:10:19]} Bh5 {[%clk 0:12:30]} 28. Be4
{[%clk 0:09:28]} Rd2 {[%clk 0:04:56]} 29. Qc3 {[%clk 0:08:50]} Rxe2
{[%clk 0:04:47]} 30. Rxe2 {[%clk 0:09:03]} Bxe2 {[%clk 0:05:15]} 31. Bxc6
{[%clk 0:08:32]} bxc6 {[%clk 0:04:50]} 32. Qxc6 {[%clk 0:09:01]} Qe7
{[%clk 0:02:52]} 33. Rc2 {[%clk 0:05:23]} Bd3 {[%clk 0:01:37]} 34. Rc3
{[%clk 0:05:28]} Bf5 {[%clk 0:01:12]} 35. Kf3 {[%clk 0:05:24]} Rc8
{[%clk 0:00:49]} 36. Qd5 {[%clk 0:04:08]} Rxc3+ {[%clk 0:00:39]} 37. bxc3
{[%clk 0:04:37]} Bc8 {[%clk 0:00:57]} 38. Qd4 {[%clk 0:04:13]} Kg8
{[%clk 0:00:48]} 39. g3 {[%clk 0:04:15]} Qc7 {[%clk 0:00:40]} 40. a4
{[%clk 0:33:17]} Bb7+ {[%clk 0:30:41]} 41. Ke2 {[%clk 0:33:09]} Kf7
{[%clk 0:28:06]} 42. Kd2 {[%clk 0:32:22]} a6 {[%clk 0:21:09]} 43. a5
{[%clk 0:27:42]} Qc6 {[%clk 0:18:09]} 44. c4 {[%clk 0:22:34]} Qg2+
{[%clk 0:15:54]} 45. Kc1 {[%clk 0:20:15]} Qh1+ {[%clk 0:16:12]} 46. Kb2
{[%clk 0:20:23]} Qg2+ {[%clk 0:15:47]} 47. Kc1 {[%clk 0:20:35]} Qc6
{[%clk 0:15:54]} 48. Kd2 {[%clk 0:17:32]} Qc7 {[%clk 0:14:34]} 49. Kc2
{[%clk 0:09:56]} Bc8 {[%clk 0:13:57]} 50. Qc3 {[%clk 0:06:20]} Qc5
{[%clk 0:13:50]} 51. Kb3 {[%clk 0:02:14]} Be6 {[%clk 0:13:29]} 52. Qd3
{[%clk 0:00:35]} Qb5+ {[%clk 0:13:36]} 53. Kc2 0-1

[Event "5th European Small Nations"]
[Site "Andorra la Vella"]
[Date "2017.11.15"]
[Round "6.8"]
[White "Klerides, Paris"]
[Black "Mooney, Graham"]
[Result "1/2-1/2"]
[BlackElo "1864"]
[WhiteElo "2189"]
[LiveChessVersion "1.4.8"]

1. d4 {[%clk 1:30:43]} d6 {[%clk 1:30:18]} 2. e4 {[%clk 1:30:50]} Nf6
{[%clk 1:30:28]} 3. Nc3 {[%clk 1:31:16]} g6 {[%clk 1:29:48]} 4. f4
{[%clk 1:31:33]} Bg7 {[%clk 1:29:24]} 5. Nf3 {[%clk 1:32:00]} O-O
{[%clk 1:29:00]} 6. e5 {[%clk 1:31:21]} dxe5 {[%clk 1:23:52]} 7. fxe5
{[%clk 1:31:36]} Nd5 {[%clk 1:23:42]} 8. Bc4 {[%clk 1:31:21]} c6 {[%clk 1:20:21]}
9. O-O {[%clk 1:27:56]} Bg4 {[%clk 1:14:42]} 10. h3 {[%clk 1:26:20]} Bxf3
{[%clk 1:13:51]} 11. Qxf3 {[%clk 1:24:40]} e6 {[%clk 1:12:47]} 12. Ne4
{[%clk 1:16:41]} Nd7 {[%clk 1:10:28]} 13. Bg5 {[%clk 0:39:13]} Qb6
{[%clk 1:04:45]} 14. Qf2 {[%clk 0:30:31]} f6 {[%clk 0:50:09]} 15. exf6
{[%clk 0:16:20]} N7xf6 {[%clk 0:49:57]} 16. Nxf6+ {[%clk 0:15:50]} Nxf6
{[%clk 0:44:06]} 17. Bxe6+ {[%clk 0:11:22]} Kh8 {[%clk 0:44:30]} 18. Qh4
{[%clk 0:10:44]} Nd5 {[%clk 0:37:21]} 19. Bxd5 {[%clk 0:05:29]} Qxd4+
{[%clk 0:31:55]} 20. Qxd4 {[%clk 0:05:51]} Bxd4+ {[%clk 0:32:21]} 21. Kh1
{[%clk 0:06:18]} cxd5 {[%clk 0:32:42]} 22. c3 {[%clk 0:05:57]} Bg7
{[%clk 0:32:34]} 23. Be3 {[%clk 0:06:03]} a6 {[%clk 0:31:44]} 24. Rfd1
{[%clk 0:05:44]} Rad8 {[%clk 0:30:46]} 25. Rd3 {[%clk 0:06:09]} Rfe8
{[%clk 0:29:56]} 26. Rad1 {[%clk 0:06:29]} Rd7 {[%clk 0:29:13]} 27. Bc5
{[%clk 0:02:46]} Re2 {[%clk 0:27:40]} 28. Rxd5 {[%clk 0:02:43]} Rxd5
{[%clk 0:27:28]} 29. Rxd5 {[%clk 0:03:11]} Bf6 {[%clk 0:25:55]} 30. Bd4
{[%clk 0:00:58]} Bxd4 {[%clk 0:25:49]} 31. Rxd4 {[%clk 0:00:52]} Rxb2
{[%clk 0:26:05]} 32. a4 {[%clk 0:00:54]} Kg7 {[%clk 0:25:26]} 33. Kh2
{[%clk 0:01:06]} Kf6 {[%clk 0:22:13]} 34. Kg3 {[%clk 0:01:04]} Rb3
{[%clk 0:21:21]} 35. Rc4 {[%clk 0:01:03]} b5 {[%clk 0:18:07]} 36. axb5
{[%clk 0:01:27]} axb5 {[%clk 0:18:19]} 37. Rc6+ {[%clk 0:01:50]} Kg5
{[%clk 0:13:37]} 38. Rc5+ {[%clk 0:02:00]} Kf6 {[%clk 0:13:40]} 39. Kf4
{[%clk 0:02:19]} Rb1 {[%clk 0:12:41]} 40. Rc6+ {[%clk 0:32:40]} Kg7
{[%clk 0:42:50]} 41. g4 {[%clk 0:30:09]} Rf1+ {[%clk 0:41:44]} 42. Kg3
{[%clk 0:23:23]} Rc1 {[%clk 0:41:26]} 43. Rc5 {[%clk 0:22:11]} h6
{[%clk 0:37:29]} 44. h4 {[%clk 0:21:01]} Rb1 {[%clk 0:35:12]} 45. g5
{[%clk 0:15:04]} hxg5 {[%clk 0:34:44]} 46. hxg5 {[%clk 0:15:24]} b4
{[%clk 0:35:05]} 47. Rc7+ {[%clk 0:14:20]} Kg8 {[%clk 0:34:39]} 1/2-1/2

[Event "5th European Small Nations"]
[Site "Andorra la Vella"]
[Date "2017.11.15"]
[Round "6.9"]
[White "Efimov, Igor"]
[Black "Ziska, Helgi Dam"]
[Result "1/2-1/2"]
[BlackElo "2543"]
[WhiteElo "2397"]
[LiveChessVersion "1.4.8"]

1. d4 {[%clk 1:30:47]} Nf6 {[%clk 1:30:47]} 2. Nf3 {[%clk 1:30:46]} g6
{[%clk 1:31:08]} 3. g3 {[%clk 1:30:37]} Bg7 {[%clk 1:31:27]} 4. Bg2
{[%clk 1:31:04]} O-O {[%clk 1:31:40]} 5. O-O {[%clk 1:31:23]} d6 {[%clk 1:31:51]}
6. a4 {[%clk 1:29:40]} Nbd7 {[%clk 1:31:24]} 7. a5 {[%clk 1:29:55]} c6
{[%clk 1:31:26]} 8. b3 {[%clk 1:29:46]} Qc7 {[%clk 1:21:25]} 9. Nbd2
{[%clk 1:24:10]} Re8 {[%clk 1:20:21]} 10. Nc4 {[%clk 1:22:45]} Rb8
{[%clk 1:18:04]} 11. Re1 {[%clk 1:07:58]} b5 {[%clk 1:17:38]} 12. axb6
{[%clk 1:08:22]} axb6 {[%clk 1:17:53]} 13. e4 {[%clk 1:07:04]} b5
{[%clk 1:16:46]} 14. Na5 {[%clk 1:07:12]} e5 {[%clk 1:11:35]} 15. dxe5
{[%clk 0:59:40]} dxe5 {[%clk 1:10:57]} 16. b4 {[%clk 0:59:46]} c5
{[%clk 1:03:30]} 17. c3 {[%clk 0:53:41]} Bf8 {[%clk 0:58:37]} 18. Bd2
{[%clk 0:46:06]} Nh5 {[%clk 0:52:27]} 19. h3 {[%clk 0:44:48]} Nb6
{[%clk 0:47:40]} 20. Qe2 {[%clk 0:38:58]} Bd7 {[%clk 0:42:08]} 21. Nh2
{[%clk 0:39:04]} Ng7 {[%clk 0:41:35]} 22. Ng4 {[%clk 0:38:11]} Bxg4
{[%clk 0:41:36]} 23. hxg4 {[%clk 0:38:28]} c4 {[%clk 0:40:22]} 24. Red1
{[%clk 0:33:23]} Ne6 {[%clk 0:34:17]} 1/2-1/2

[Event "5th European Small Nations"]
[Site "Andorra la Vella"]
[Date "2017.11.15"]
[Round "6.10"]
[White "Nielsen, Hogni Egilstoft"]
[Black "Berezovsky, Igor"]
[Result "1/2-1/2"]
[BlackElo "2378"]
[WhiteElo "2354"]
[LiveChessVersion "1.4.8"]

1. e4 {[%clk 1:30:56]} c5 {[%clk 1:30:23]} 2. Nf3 {[%clk 1:31:04]} Nc6
{[%clk 1:29:12]} 3. Bb5 {[%clk 1:29:48]} g6 {[%clk 1:28:54]} 4. O-O
{[%clk 1:29:16]} Bg7 {[%clk 1:29:03]} 5. Re1 {[%clk 1:28:55]} Nf6
{[%clk 1:21:42]} 6. c3 {[%clk 1:21:01]} Qb6 {[%clk 1:14:20]} 7. a4
{[%clk 1:05:22]} O-O {[%clk 1:10:35]} 8. h3 {[%clk 0:58:50]} a6 {[%clk 1:06:53]}
9. Bxc6 {[%clk 0:54:31]} Qxc6 {[%clk 1:05:07]} 10. d4 {[%clk 0:45:23]} cxd4
{[%clk 0:53:44]} 1/2-1/2

[Event "5th European Small Nations"]
[Site "Andorra la Vella"]
[Date "2017.11.15"]
[Round "6.11"]
[White "Villegas, Pierre"]
[Black "Nielsen, Rogvi Egilstoft"]
[Result "1/2-1/2"]
[BlackElo "2340"]
[WhiteElo "2309"]
[LiveChessVersion "1.4.8"]

1. d4 {[%clk 1:30:55]} e6 {[%clk 1:29:49]} 2. c4 {[%clk 1:31:08]} f5
{[%clk 1:29:33]} 3. Nf3 {[%clk 1:30:48]} Nf6 {[%clk 1:29:40]} 4. Nc3
{[%clk 1:31:13]} Be7 {[%clk 1:29:34]} 5. g3 {[%clk 1:30:12]} d6 {[%clk 1:29:48]}
6. Bg2 {[%clk 1:30:21]} O-O {[%clk 1:29:38]} 7. O-O {[%clk 1:30:15]} Qe8
{[%clk 1:28:05]} 8. Re1 {[%clk 1:28:06]} Ne4 {[%clk 1:27:39]} 9. Qd3
{[%clk 1:17:53]} Qg6 {[%clk 1:25:10]} 10. b3 {[%clk 1:09:20]} Bf6
{[%clk 1:13:09]} 11. Bb2 {[%clk 1:09:04]} c5 {[%clk 1:10:22]} 12. e3
{[%clk 1:03:46]} Nc6 {[%clk 1:06:47]} 13. a3 {[%clk 0:59:02]} Rd8
{[%clk 0:43:09]} 14. Ne2 {[%clk 0:45:05]} e5 {[%clk 0:35:43]} 15. Qc2
{[%clk 0:44:00]} Bd7 {[%clk 0:26:27]} 16. Rad1 {[%clk 0:39:07]} Rab8
{[%clk 0:22:08]} 1/2-1/2

[Event "5th European Small Nations"]
[Site "Andorra la Vella"]
[Date "2017.11.15"]
[Round "6.12"]
[White "Rodgaard, John"]
[Black "Ribbegren, Karl Johan"]
[Result "1-0"]
[BlackElo "2252"]
[WhiteElo "2332"]
[LiveChessVersion "1.4.8"]

1. Nf3 {[%clk 1:30:47]} Nf6 {[%clk 1:30:17]} 2. c4 {[%clk 1:30:32]} c5
{[%clk 1:30:07]} 3. Nc3 {[%clk 1:29:49]} g6 {[%clk 1:27:53]} 4. d4
{[%clk 1:28:28]} Bg7 {[%clk 1:26:56]} 5. e4 {[%clk 1:27:43]} O-O {[%clk 1:23:28]}
6. Be2 {[%clk 1:24:45]} d6 {[%clk 1:20:44]} 7. O-O {[%clk 1:22:45]} Bg4
{[%clk 1:18:00]} 8. d5 {[%clk 1:15:09]} e6 {[%clk 1:12:26]} 9. h3
{[%clk 1:09:28]} Bxf3 {[%clk 1:12:03]} 10. Bxf3 {[%clk 1:09:49]} exd5
{[%clk 1:09:54]} 11. exd5 {[%clk 1:09:08]} Nfd7 {[%clk 1:07:36]} 12. Be3
{[%clk 0:47:12]} f5 {[%clk 1:05:51]} 13. Qd2 {[%clk 0:42:44]} Ne5
{[%clk 1:02:34]} 14. Be2 {[%clk 0:42:32]} Nf7 {[%clk 1:01:39]} 15. f4
{[%clk 0:38:29]} Nd7 {[%clk 1:00:38]} 16. Bd3 {[%clk 0:35:27]} Nf6
{[%clk 0:58:41]} 17. Rfe1 {[%clk 0:33:34]} Qd7 {[%clk 0:58:14]} 18. Bf2
{[%clk 0:32:13]} Rae8 {[%clk 0:57:08]} 19. g3 {[%clk 0:30:08]} Bh6
{[%clk 0:52:27]} 20. Rxe8 {[%clk 0:26:27]} Rxe8 {[%clk 0:52:43]} 21. Re1
{[%clk 0:26:20]} a6 {[%clk 0:47:54]} 22. Kg2 {[%clk 0:24:42]} Re7
{[%clk 0:45:25]} 23. Rxe7 {[%clk 0:21:45]} Qxe7 {[%clk 0:45:53]} 24. Qe1
{[%clk 0:21:30]} Qxe1 {[%clk 0:44:11]} 25. Bxe1 {[%clk 0:21:58]} Bg7
{[%clk 0:43:43]} 26. b3 {[%clk 0:18:23]} Kf8 {[%clk 0:42:57]} 27. Kf3
{[%clk 0:18:38]} h5 {[%clk 0:41:58]} 28. Nd1 {[%clk 0:14:35]} Nh6
{[%clk 0:36:44]} 29. Ne3 {[%clk 0:14:34]} Ke7 {[%clk 0:34:52]} 30. a4
{[%clk 0:11:19]} Kf7 {[%clk 0:27:52]} 31. a5 {[%clk 0:08:59]} Ke7
{[%clk 0:26:21]} 32. Bc2 {[%clk 0:09:09]} Kf7 {[%clk 0:25:33]} 33. Bd2
{[%clk 0:09:04]} Nd7 {[%clk 0:23:47]} 34. Ng2 {[%clk 0:07:29]} Bd4
{[%clk 0:22:09]} 35. Bd3 {[%clk 0:07:10]} Kf6 {[%clk 0:21:10]} 36. Nh4
{[%clk 0:05:00]} Kf7 {[%clk 0:18:46]} 37. Ng2 {[%clk 0:04:05]} Kf6
{[%clk 0:16:27]} 38. Ne1 {[%clk 0:03:36]} Ke7 {[%clk 0:15:31]} 39. Nc2
{[%clk 0:03:32]} Bb2 {[%clk 0:15:08]} 40. Ne3 {[%clk 0:32:44]} Bd4
{[%clk 0:43:18]} 41. Ng2 {[%clk 0:18:36]} Kf6 {[%clk 0:42:30]} 42. Ne1
{[%clk 0:17:18]} Ke7 {[%clk 0:42:21]} 43. Ke2 {[%clk 0:16:43]} Nf7
{[%clk 0:40:27]} 44. g4 {[%clk 0:11:22]} hxg4 {[%clk 0:35:25]} 45. hxg4
{[%clk 0:11:49]} Nh6 {[%clk 0:33:33]} 46. g5 {[%clk 0:09:19]} Nf7
{[%clk 0:30:20]} 47. Nf3 {[%clk 0:09:25]} Bb2 {[%clk 0:29:30]} 48. Nh4
{[%clk 0:09:14]} Nf8 {[%clk 0:29:31]} 49. b4 {[%clk 0:08:45]} Ba3
{[%clk 0:24:32]} 50. bxc5 {[%clk 0:07:57]} dxc5 {[%clk 0:22:31]} 51. Bc3
{[%clk 0:08:22]} Nd6 {[%clk 0:16:30]} 52. Bg7 {[%clk 0:08:11]} Nd7
{[%clk 0:12:08]} 53. Nxg6+ {[%clk 0:07:48]} Kf7 {[%clk 0:12:26]} 54. Be5
{[%clk 0:05:57]} Nxc4 {[%clk 0:08:57]} 55. Nh8+ {[%clk 0:05:27]} Kg8
{[%clk 0:09:23]} 56. Bxc4 {[%clk 0:05:44]} Nxe5 {[%clk 0:09:25]} 57. fxe5
{[%clk 0:06:07]} Kxh8 {[%clk 0:08:22]} 58. d6 {[%clk 0:06:07]} Bc1
{[%clk 0:07:25]} 59. e6 {[%clk 0:06:20]} 1-0

[Event "5th European Small Nations"]
[Site "Andorra la Vella"]
[Date "2017.11.16"]
[Round "7.1"]
[White "Ziska, Helgi Dam"]
[Black "Zerafa, Robert"]
[Result "1-0"]
[BlackElo "2101"]
[WhiteElo "2543"]
[LiveChessVersion "1.4.8"]

1. e4 {[%clk 1:30:56]} d6 {[%clk 1:29:54]} 2. d4 {[%clk 1:30:53]} Nf6
{[%clk 1:30:19]} 3. Nc3 {[%clk 1:30:53]} g6 {[%clk 1:30:43]} 4. Bg5
{[%clk 1:30:37]} Bg7 {[%clk 1:31:07]} 5. Qd2 {[%clk 1:30:54]} h6 {[%clk 1:26:50]}
6. Bf4 {[%clk 1:30:28]} g5 {[%clk 1:26:39]} 7. Bg3 {[%clk 1:30:51]} Nh5
{[%clk 1:26:07]} 8. O-O-O {[%clk 1:27:05]} a6 {[%clk 1:25:04]} 9. Nge2
{[%clk 1:24:34]} Nd7 {[%clk 1:22:25]} 10. e5 {[%clk 1:17:08]} dxe5
{[%clk 1:12:38]} 11. dxe5 {[%clk 1:16:56]} Nxg3 {[%clk 1:12:42]} 12. hxg3
{[%clk 1:16:27]} Bxe5 {[%clk 1:07:33]} 13. f4 {[%clk 1:12:17]} gxf4
{[%clk 1:07:24]} 14. gxf4 {[%clk 1:11:44]} Bd6 {[%clk 1:04:53]} 15. Ne4
{[%clk 1:07:05]} Nf6 {[%clk 0:58:02]} 16. Nxf6+ {[%clk 0:55:42]} exf6
{[%clk 0:58:29]} 17. Ng3 {[%clk 0:54:40]} Be6 {[%clk 0:36:03]} 18. Ne4
{[%clk 0:52:22]} Qe7 {[%clk 0:32:32]} 19. Nxd6+ {[%clk 0:51:37]} Qxd6
{[%clk 0:32:27]} 20. Qe3 {[%clk 0:51:23]} Qb6 {[%clk 0:30:44]} 21. Qc3
{[%clk 0:51:20]} Ke7 {[%clk 0:28:16]} 22. Re1 {[%clk 0:49:58]} Kd7
{[%clk 0:24:28]} 23. Qxf6 {[%clk 0:45:30]} Qa5 {[%clk 0:22:45]} 24. Rd1+
{[%clk 0:43:33]} Kc6 {[%clk 0:20:06]} 25. Bd3 {[%clk 0:39:15]} Qxa2
{[%clk 0:16:54]} 26. f5 {[%clk 0:29:35]} Rhg8 {[%clk 0:10:11]} 27. Qc3+
{[%clk 0:20:52]} Kb6 {[%clk 0:10:08]} 28. Qd4+ {[%clk 0:21:05]} Kc6
{[%clk 0:04:59]} 29. Be4+ {[%clk 0:20:41]} Kb5 {[%clk 0:03:51]} 30. fxe6
{[%clk 0:20:37]} 1-0

[Event "5th European Small Nations"]
[Site "Andorra la Vella"]
[Date "2017.11.16"]
[Round "7.2"]
[White "Darmanin, Jake"]
[Black "Nielsen, Hogni Egilstoft"]
[Result "0-1"]
[BlackElo "2354"]
[WhiteElo "2058"]
[LiveChessVersion "1.4.8"]

1. e4 {[%clk 1:29:28]} e5 {[%clk 1:30:53]} 2. Nf3 {[%clk 1:29:30]} Nc6
{[%clk 1:31:09]} 3. d4 {[%clk 1:29:54]} exd4 {[%clk 1:31:08]} 4. Nxd4
{[%clk 1:30:18]} Nf6 {[%clk 1:30:51]} 5. Nxc6 {[%clk 1:30:10]} bxc6
{[%clk 1:31:07]} 6. e5 {[%clk 1:30:35]} Qe7 {[%clk 1:29:25]} 7. Qe2
{[%clk 1:30:50]} Nd5 {[%clk 1:29:22]} 8. c4 {[%clk 1:31:11]} Nb6 {[%clk 1:28:36]}
9. b3 {[%clk 1:28:38]} a5 {[%clk 1:26:48]} 10. Ba3 {[%clk 1:22:40]} Qg5
{[%clk 1:06:16]} 11. h4 {[%clk 1:08:12]} Qf4 {[%clk 0:57:46]} 12. Bxf8
{[%clk 0:55:32]} Kxf8 {[%clk 0:52:38]} 13. Nd2 {[%clk 0:52:35]} a4
{[%clk 0:38:45]} 14. Rb1 {[%clk 0:52:16]} axb3 {[%clk 0:35:31]} 15. axb3
{[%clk 0:49:00]} d6 {[%clk 0:29:57]} 16. exd6 {[%clk 0:39:23]} cxd6
{[%clk 0:26:49]} 17. g3 {[%clk 0:36:01]} Qd4 {[%clk 0:24:59]} 18. Bg2
{[%clk 0:32:55]} Bg4 {[%clk 0:16:39]} 19. Nf3 {[%clk 0:20:38]} Qc3+
{[%clk 0:13:16]} 20. Qd2 {[%clk 0:20:27]} Qf6 {[%clk 0:04:04]} 21. Nd4
{[%clk 0:17:21]} Re8+ {[%clk 0:03:34]} 22. Kf1 {[%clk 0:17:17]} c5
{[%clk 0:01:51]} 23. Nb5 {[%clk 0:13:17]} d5 {[%clk 0:02:19]} 24. cxd5
{[%clk 0:06:40]} Be2+ {[%clk 0:02:26]} 25. Qxe2 {[%clk 0:05:24]} Rxe2
{[%clk 0:02:54]} 26. Kxe2 {[%clk 0:05:46]} Qe5+ {[%clk 0:01:54]} 27. Kf1
{[%clk 0:05:27]} Qf5 {[%clk 0:01:48]} 28. Rd1 {[%clk 0:04:16]} Qc2
{[%clk 0:02:16]} 29. Bf3 {[%clk 0:04:27]} Qxb3 {[%clk 0:01:38]} 30. Be2
{[%clk 0:04:47]} Nxd5 {[%clk 0:00:57]} 31. Kg2 {[%clk 0:04:07]} g6
{[%clk 0:00:50]} 32. Nd6 {[%clk 0:03:51]} Qb2 {[%clk 0:00:36]} 33. Rxd5
{[%clk 0:01:14]} Qxe2 {[%clk 0:01:03]} 34. Rc1 {[%clk 0:00:42]} Kg7
{[%clk 0:00:38]} 35. Rcxc5 {[%clk 0:00:53]} Qe7 {[%clk 0:00:34]} 36. Nc4
{[%clk 0:00:39]} Qe4+ {[%clk 0:00:53]} 37. Kh2 {[%clk 0:00:40]} Ra8
{[%clk 0:00:37]} 38. Ne3 {[%clk 0:00:32]} Ra2 {[%clk 0:00:34]} 39. Kg1
{[%clk 0:00:32]} Ra1+ {[%clk 0:00:38]} 40. Rd1 {[%clk 0:30:44]} Rxd1+
{[%clk 0:30:57]} 41. Nxd1 {[%clk 0:31:13]} Qe1+ {[%clk 0:31:15]} 42. Kg2
{[%clk 0:30:41]} Qxd1 {[%clk 0:31:39]} 43. Ra5 {[%clk 0:29:50]} Qd4
{[%clk 0:30:46]} 44. Kg1 {[%clk 0:26:40]} Qe4 {[%clk 0:26:04]} 45. Rc5
{[%clk 0:25:56]} Kh6 {[%clk 0:24:45]} 46. Rg5 {[%clk 0:20:26]} f6
{[%clk 0:18:49]} 47. Rc5 {[%clk 0:19:37]} f5 {[%clk 0:13:12]} 48. Kh2
{[%clk 0:08:58]} Qf3 {[%clk 0:08:40]} 49. Rc2 {[%clk 0:07:47]} Kh5
{[%clk 0:07:32]} 50. Ra2 {[%clk 0:06:45]} h6 {[%clk 0:06:40]} 51. Rc2
{[%clk 0:05:51]} f4 {[%clk 0:04:27]} 52. Rb2 {[%clk 0:02:13]} Kg4
{[%clk 0:04:18]} 53. gxf4 {[%clk 0:01:46]} Qxf4+ {[%clk 0:04:02]} 54. Kg2
{[%clk 0:01:53]} Qe4+ {[%clk 0:03:42]} 55. Kg1 {[%clk 0:01:23]} Kxh4
{[%clk 0:03:52]} 56. Rb3 {[%clk 0:01:04]} g5 {[%clk 0:02:19]} 57. Ra3
{[%clk 0:00:53]} h5 {[%clk 0:01:52]} 58. Rb3 {[%clk 0:01:14]} g4 {[%clk 0:01:54]}
59. Ra3 {[%clk 0:01:31]} Qd5 {[%clk 0:01:33]} 60. Rc3 {[%clk 0:01:33]} Kg5
{[%clk 0:01:45]} 61. Rc7 {[%clk 0:01:36]} h4 {[%clk 0:01:39]} 62. Rc8
{[%clk 0:01:13]} h3 {[%clk 0:01:40]} 0-1